| 000 | 00606cam a22002051 04500 | ||
|---|---|---|---|
| 001 | 44765 | ||
| 090 | _a44765 | ||
| 100 | _a19920715d1971 m y0pory5003 ba | ||
| 101 | 1 | _apor | |
| 102 | _aPT | ||
| 200 | 1 |
_aSobre a pista branca _fPaul Émile Victor _gtrad. Franco de Sousa |
|
| 210 | 9 |
_aLisboa _cPubl. Europa-América, _d1971 |
|
| 215 |
_a173 p., [3] f. _d21 cm |
||
| 225 | 2 |
_aEuropa-América Juvenil _v17 |
|
| 304 | _aTít. orig.: Sur la piste blanche | ||
| 675 |
_a840-31 _vmed _zpor |
||
| 700 | 1 |
_aVictor, _bPaul Emile, _f1907-1995 |
|
| 702 | 1 |
_aSousa, _bFranco de, _f1926-1993 _4730 |
|
| 801 | 0 |
_aPT _bBN _gRPC |
|
| 990 | _cLIVROS | ||